MARC details
| 000 -LEADER |
| campo de control de longitud fija |
01319cam a2200385Ia 4500 |
| 001 - NÚMERO DE CONTROL |
| campo de control |
76152 |
| 005 - FECHA Y HORA DE LA ÚLTIMA TRANSACCIÓN |
| campo de control |
20230410132612.0 |
| 008 - DATOS DE LONGITUD FIJA--INFORMACIÓN GENERAL |
| campo de control de longitud fija |
881021s1981 sp a b 000 1 spa d |
| 035 ## - NÚMERO DE CONTROL DEL SISTEMA |
| Número de control de sistema |
(OCoLC)ocm18652595 |
| 040 ## - FUENTE DE CATALOGACIÓN |
| Centro catalogador/agencia de origen |
TVP |
| Centro/agencia transcriptor |
TVP |
| Centro/agencia modificador |
OCLCQ |
| -- |
OCLCG |
| 020 ## - NÚMERO INTERNACIONAL ESTÁNDAR DEL LIBRO |
| Número Internacional Estándar del Libro |
8475250084 |
| 020 ## - NÚMERO INTERNACIONAL ESTÁNDAR DEL LIBRO |
| Número Internacional Estándar del Libro |
9788475250083 |
| 035 ## - NÚMERO DE CONTROL DEL SISTEMA |
| Número de control de sistema |
(OCoLC)18652595 |
| 041 1# - CÓDIGO DE IDIOMA |
| Código de lengua del texto/banda sonora o título independiente |
spa |
| Código de lengua original |
eng |
| 092 ## - ASIGNACIÓN LOCAL DE SIGNATURA TOPOGRÁFICA DEWEY (OCLC) |
| Número de clasificación |
464.823 |
| Número de ítem |
STE |
| 050 14 - SIGNATURA TOPOGRÁFICA DE LA BIBLIOTECA DEL CONGRESO |
| Número de clasificación |
PR 5484 |
| Número de ítem |
S836e 1981 |
| 100 1# - ENTRADA PRINCIPAL--NOMBRE DE PERSONA |
| Nombre de persona |
Stevenson, Robert Louis, |
| Fechas asociadas al nombre |
1850-1894. |
| 240 10 - TÍTULO UNIFORME |
| Título uniforme |
Strange case of Dr. Jekyll and Mr. Hyde. |
| Lenguaje de la obra |
Spanish |
| 245 13 - MENCIÓN DEL TÍTULO |
| Título |
El extraño caso del Dr. Jekyll y Mr. Hyde / |
| Mención de responsabilidad, etc. |
Robert L. Stevenson ; traducción, Luis Sánchez Bardón ; apéndice, Luis Sánchez Bardón ; ilustración, S.G. Hulme Beaman. |
| 260 ## - PUBLICACIÓN, DISTRIBUCIÓN, ETC. |
| Lugar de publicación, distribución, etc. |
Madrid : |
| Nombre del editor, distribuidor, etc. |
Ediciones Generales Anaya, |
| Fecha de publicación, distribución, etc. |
1981. |
| 300 ## - DESCRIPCIÓN FÍSICA |
| Extensión |
207 p. : |
| Otras características físicas |
ill. ; |
| Dimensiones |
20 cm. |
| 490 0# - MENCIÓN DE SERIE |
| Mención de serie |
Tus libros ; |
| Designación de volumen o secuencia |
4 |
| 504 ## - NOTA DE BIBLIOGRAFÍA, ETC. |
| Nota de bibliografía, etc. |
Includes bibliographical references (p. 205-207). |
| 500 ## - NOTA GENERAL |
| Nota general |
Translation of: The strange case of Dr. Jekyll and Mr. Hyde. |
| 650 #4 - PUNTO DE ACCESO ADICIONAL DE MATERIA--TÉRMINO DE MATERIA |
| Término de materia o nombre geográfico como elemento de entrada |
Novela |
| 650 #4 - PUNTO DE ACCESO ADICIONAL DE MATERIA--TÉRMINO DE MATERIA |
| Término de materia o nombre geográfico como elemento de entrada |
CES |
| 650 #4 - PUNTO DE ACCESO ADICIONAL DE MATERIA--TÉRMINO DE MATERIA |
| Término de materia o nombre geográfico como elemento de entrada |
Colección Enriquillo Sánchez |
| 650 #4 - PUNTO DE ACCESO ADICIONAL DE MATERIA--TÉRMINO DE MATERIA |
| Término de materia o nombre geográfico como elemento de entrada |
Primera Jornada de Catalogacion |
| 700 1# - ENTRADA AGREGADA--NOMBRE PERSONAL |
| Nombre de persona |
Sánchez Bardón, Luis. |
| 700 1# - ENTRADA AGREGADA--NOMBRE PERSONAL |
| Nombre de persona |
Beaman, S. G. Hulme. |
| 740 01 - ENTRADA AGREGADA--TÍTULO RELACIONADO/ANALÍTICO NO CONTROLADO |
| Título relacionado o analítico no controlado |
Dr. Jekyll y Mr. Hyde. |
| 942 ## - ELEMENTOS DE ENTRADA SECUNDARIOS (KOHA) |
| Fuente del sistema de clasificación o colocación |
Clasificación de Library of Congress |
| Tipo de ítem Koha |
|
| 946 ## - PROCESAMIENTO DE INFORMACIÓN LOCAL (OCLC) |
| a |
mjcruz |
| 994 ## - |
| -- |
C0 |
| -- |
DRFGD |